[Event "11th Vellmar Open 2019"]
[Site "Vellmar GER"]
[Date "2019.07.07"]
[Round "7.33"]
[White "Ahlers,Knut"]
[Black "Michels,Fabio"]
[Result "0-1"]
[WhiteElo "1854"]
[BlackElo "1720"]
[WhiteFideId "16203534"]
[BlackFideId "16223780"]
[EventDate "2019.07.04"]

1. e4 c5 2. Nc3 Nc6 3. f4 g6 4. Nf3 Bg7 5. Bc4 e6 6. f5 Nge7 7. fxe6 dxe6 8. O-O
Nd4 9. d3 a6 10. a4 O-O 11. Kh1 Nec6 12. Bg5 Qb6 13. Qc1 h5 14. Rb1 Qc7 15. Bf4
Qe7 16. Qd2 Nxf3 17. gxf3 Nd4 18. Rbe1 Bd7 19. e5 Bc6 20. Ne4 Bxe4 21. fxe4 Qc7
22. Bh6 Bxh6 23. Qxh6 Qxe5 24. c3 Nc6 25. Rf3 Qg7 26. Qe3 Ne5 27. Rh3 Nxc4 28.
dxc4 Qe5 29. Rg1 Rfd8 30. Qf3 Kg7 31. Rxh5 Qc7 32. Rhg5 Rd2 33. R5g2 Rxg2 34.
Rxg2 Rd8 35. Rf2 f5 36. Kg2 Rh8 37. Kg1 Rh4 38. exf5 exf5 39. Qd5 Rg4+ 40. Kf1
Rf4 41. Rxf4 Qxf4+ 42. Kg2 Qg5+ 43. Kf2 Qh4+ 44. Kg2 Qe7 45. Kf3 Kf6 46. h4 a5
47. Qd3 Qc7 48. Qd2 Qc6+ 49. Kf2 Qc7 50. Kf3 Qe7 51. Qd5 Kg7 52. Kg3 Qe3+ 53.
Kh2 Qf4+ 54. Kg2 Qe4+ 55. Kf2 Qxh4+ 56. Kf3 Qg4+ 57. Kf2 Qf4+ 58. Ke2 Qc7 59.
Qg2 Qc6 60. Qh2 Qe4+ 61. Kd2 f4 62. Qh4 Qg2+ 63. Kc1 g5 64. Qe1 Kf6 65. Qe8 Qh1+
66. Kc2 Qh7+ 67. Kb3 Qe7 68. Qh8+ Kf5 69. Qh3+ g4 70. Qd3+ Kf6 71. Qd2 Qe3 72.
Qd6+ Kf5 73. Qd7+ Kg5 74. Qd8+ Kf5 75. Qd7+ Qe6 76. Qd3+ Kg5 77. Qd8+ Qf6 78.
Qd5+ Kh6 79. Qh1+ Kg6 80. Qe4+ Qf5 81. Qe8+ Kg5 82. Qd8+ Kg6 83. Qg8+ Kf6 84.
Qf8+ Ke5 85. Qxc5+ Ke4 86. Qd4+ Kf3 87. Qd1+ Kf2 88. Qd2+ Kg3 89. Qe1+ Kg2 90.
Qe2+ Kh3 91. Qf1+ Kh4 92. Qh1+ Kg5 93. Qxb7 f3 94. Qg7+ Kh4 95. Qh6+ Kg3 96. Qe3
Kg2 97. c5 f2 98. Qe2 Qd5+ 99. Kc2 Qf5+ 100. Kb3 Kg1 0-1

[Event "11th Vellmar Open 2019"]
[Site "Vellmar GER"]
[Date "2019.07.07"]
[Round "7.34"]
[White "Kanbach,Moritz"]
[Black "Plaza Reino,Mercedes"]
[Result "0-1"]
[WhiteElo "1647"]
[BlackElo "1897"]
[WhiteFideId "12981214"]
[BlackFideId "24511951"]
[EventDate "2019.07.04"]

1. e4 c5 2. Nf3 e6 3. d4 cxd4 4. Nxd4 a6 5. c3 Qc7 6. Be3 Nf6 7. Bd3 d5 8. Nd2
Nbd7 9. O-O Nc5 10. Qc2 b6 11. exd5 Nxd3 12. Qxd3 Nxd5 13. N2f3 Bb7 14. Bg5 Bd6
15. Bh4 O-O 16. Bg3 Nf4 17. Qd2 Rad8 18. Bxf4 Bxf4 19. Qe2 e5 20. Nb3 e4 21.
Nfd2 Bxh2+ 22. Kh1 Rd6 23. Nxe4 Rh6 24. f3 Qe5 25. Rad1 Bg3+ 26. Kg1 Rh1+ 27.
Kxh1 Qh5+ 28. Kg1 Qh2# 0-1

[Event "11th Vellmar Open 2019"]
[Site "Vellmar GER"]
[Date "2019.07.07"]
[Round "7.35"]
[White "Thomas,Jeremy"]
[Black "Wuestehube,H"]
[Result "1/2-1/2"]
[WhiteElo "1717"]
[BlackElo "1887"]
[WhiteFideId "16214641"]
[BlackFideId "24614084"]
[EventDate "2019.07.04"]

1. e4 d6 2. d4 Nf6 3. Nc3 g6 4. Be3 c6 5. f3 b5 6. g4 a6 7. Qd2 Bb7 8. h4 h5 9.
g5 Nfd7 10. f4 Nb6 11. f5 Bg7 12. O-O-O N8d7 13. Bd3 c5 14. fxg6 cxd4 15. gxf7+
Kf8 16. Bxd4 Bxd4 17. g6 Bg7 18. Nf3 Nf6 19. Ng5 Bc8 20. Nd5 Nbxd5 21. exd5 Bh6
22. Rhg1 Kg7 23. Kb1 Qb6 24. Qe1 Ra7 25. Nh7 Qe3 26. Qa5 Bg4 27. Rde1 Qc5 28.
f8=Q+ Rxf8 29. Nxf8 Kg8 30. Ne6 Qc8 31. Qb6 Rd7 32. Qd4 Qb7 33. Be4 Qa7 34. Qxa7
Rxa7 35. Rg3 Bxe6 36. dxe6 Bf4 37. Rc3 Kg7 38. Bf5 Be5 39. Rc8 Nd5 40. Rd8 Nb6
41. Rb8 Nc4 42. Bd3 Nxb2 43. Rd8 Nxd3 44. cxd3 Bf6 45. Rd7 Ra8 46. Rc1 Kxg6 47.
Rcc7 Bxh4 48. Rc2 Bf6 49. Kc1 Kf5 50. Re2 Rc8+ 1/2-1/2

[Event "11th Vellmar Open 2019"]
[Site "Vellmar GER"]
[Date "2019.07.07"]
[Round "7.36"]
[White "Heckmann,Torsten"]
[Black "Bieler,Janek"]
[Result "0-1"]
[WhiteElo "1862"]
[BlackElo "1725"]
[WhiteFideId "24653896"]
[BlackFideId "16214633"]
[EventDate "2019.07.04"]

1. e4 c6 2. d4 d5 3. exd5 cxd5 4. Bd3 Nf6 5. Bf4 e6 6. Nf3 b6 7. O-O Ba6 8. Re1
Bxd3 9. Qxd3 Be7 10. Ne5 O-O 11. Nd2 Qc8 12. Rac1 Nbd7 13. Ndf3 Ne4 14. c4 Nxe5
15. Nxe5 Qb7 16. cxd5 exd5 17. Nc6 Rfe8 18. Qh3 Bg5 19. Rxe4 Bxf4 20. Ne7+ Rxe7
21. Rxf4 Qc7 0-1

[Event "11th Vellmar Open 2019"]
[Site "Vellmar GER"]
[Date "2019.07.07"]
[Round "7.37"]
[White "Nielsen,Michael Volstrup"]
[Black "Niedenthal,R"]
[Result "1-0"]
[WhiteElo "1912"]
[BlackElo "1682"]
[WhiteFideId "1454749"]
[BlackFideId "24627216"]
[EventDate "2019.07.04"]

1. d4 Nf6 2. Bf4 e6 3. e3 h6 4. Bd3 d5 5. c4 Bb4+ 6. Nc3 Bxc3+ 7. bxc3 Nbd7 8.
h3 dxc4 9. Bxc4 Nb6 10. Bb3 Nbd5 11. Ne2 c6 12. Bh2 O-O 13. O-O Ne4 14. Qd3 Ndf6
15. f3 Nc5 16. Qc2 Nxb3 17. axb3 b6 18. c4 Bb7 19. c5 Nd5 20. Kf2 a5 21. Rfd1 b5
22. e4 Nb4 23. Qd2 f5 24. Kg1 fxe4 25. fxe4 Qh4 26. Ng3 Qf4 27. Qe2 Qh4 28. Nf1
a4 29. Qd2 Na6 30. bxa4 b4 31. Qe1 Qd8 32. Be5 Rf7 33. Qg3 Nc7 34. Rdb1 Ba6 35.
Rxb4 Ne8 36. Ne3 Nf6 37. Qg6 Bd3 38. Ng4 Nxg4 39. Qxg4 Qd7 40. Ra3 Ba6 41. Rab3
Raf8 42. Rg3 g5 43. Qh5 Kh7 44. Rxg5 Rf1+ 45. Kh2 R1f6 46. Rg4 Be2 47. Bxf6 Bxg4
48. Qxg4 Rxf6 49. Rb8 Rg6 50. Qf4 Qg7 51. g3 Qxd4 52. Rb7+ Rg7 53. Rxg7+ Kxg7
54. h4 Qxc5 55. e5 Qc2+ 56. Kh3 Qd3 57. h5 c5 58. Qf6+ Kh7 59. Qf7+ Kh8 60. Qf8+
Kh7 61. Qxc5 Qf1+ 62. Kh2 Qe2+ 63. Kg1 Qe1+ 64. Kg2 Qe4+ 65. Kf2 Qf5+ 66. Ke3
Qg5+ 67. Kd3 Qxg3+ 68. Qe3 Qg4 69. Qa7+ Kg8 70. Qb8+ Kf7 71. Qc7+ Kg8 72. Qd8+
Kf7 73. Qd7+ Kf8 74. Qd8+ Kf7 75. Qf6+ Kg8 76. Qg6+ Qxg6+ 77. hxg6 1-0

[Event "11th Vellmar Open 2019"]
[Site "Vellmar GER"]
[Date "2019.07.07"]
[Round "7.38"]
[White "Meyer,Marcel"]
[Black "Maas,Kolja"]
[Result "1-0"]
[WhiteElo "1796"]
[BlackElo "1571"]
[WhiteFideId "12997234"]
[BlackFideId "16220420"]
[EventDate "2019.07.04"]

1. d4 Nf6 2. c4 g6 3. Nc3 Bg7 4. e4 d6 5. Nf3 Nbd7 6. Be2 e5 7. O-O O-O 8. d5
Ne8 9. b4 a5 10. bxa5 Rxa5 11. Be3 Nc5 12. Qb1 f5 13. Ng5 f4 14. Bxc5 Qxg5 15.
Bb4 Ra8 16. Qd1 h5 17. c5 b6 18. cxb6 c5 19. dxc6 Ba6 20. f3 Qd8 21. b7 Qb6+ 22.
Kh1 Rb8 23. Bxa6 Qxa6 24. Bxd6 Nxd6 25. Qxd6 Rxb7 26. Qd5+ Rbf7 27. Nb5 Kh7 28.
Rfc1 Re7 29. Qc5 Bf6 30. Nc3 Ree8 31. Nd5 Bd8 32. Rc2 Qa5 33. Rac1 1-0

[Event "11th Vellmar Open 2019"]
[Site "Vellmar GER"]
[Date "2019.07.07"]
[Round "7.39"]
[White "Fromm,Nick"]
[Black "Schulze,Nick"]
[Result "0-1"]
[WhiteElo "1694"]
[BlackElo "1775"]
[WhiteFideId "12958026"]
[BlackFideId "16212312"]
[EventDate "2019.07.04"]

1. e4 c5 2. Nf3 d6 3. d4 cxd4 4. Nxd4 Nf6 5. Nc3 g6 6. Be3 Bg7 7. f3 O-O 8. Qd2
Nc6 9. Bc4 Bd7 10. O-O-O Rc8 11. Bb3 Ne5 12. g4 Nc4 13. Bxc4 Rxc4 14. h4 h5 15.
Rdg1 Qa5 16. gxh5 Nxh5 17. Rg5 b5 18. Rxh5 Rxc3 19. bxc3 Qxa2 20. Qg2 Rc8 21.
Rg5 Qa1+ 22. Kd2 Qxc3+ 23. Ke2 Bxd4 24. Bxd4 Qxd4 25. Kf1 Qa1+ 26. Kf2 Rxc2+ 27.
Ke3 Qc3+ 0-1

[Event "11th Vellmar Open 2019"]
[Site "Vellmar GER"]
[Date "2019.07.07"]
[Round "7.40"]
[White "Lehmann,Nils"]
[Black "Rehbein,U"]
[Result "1/2-1/2"]
[WhiteElo "1626"]
[BlackElo "1774"]
[WhiteFideId "12982610"]
[BlackFideId "4681037"]
[EventDate "2019.07.04"]

1. e4 g6 2. d4 Bg7 3. Nf3 d6 4. c4 Nf6 5. Nc3 O-O 6. Be2 c5 7. O-O Na6 8. Be3
Ng4 9. Bf4 cxd4 10. Nxd4 Nf6 11. Be3 Nc5 12. f3 a6 13. Qd2 Re8 14. Rad1 Qc7 15.
Nc2 Bd7 16. Nb4 Bc6 17. Nbd5 Bxd5 18. Nxd5 Nxd5 19. cxd5 Rac8 1/2-1/2

[Event "11th Vellmar Open 2019"]
[Site "Vellmar GER"]
[Date "2019.07.07"]
[Round "7.41"]
[White "Thomasson,S"]
[Black "Koronowski,Heinz-Juergen"]
[Result "1/2-1/2"]
[WhiteElo "1876"]
[BlackElo "1758"]
[WhiteFideId "1706284"]
[BlackFideId "12943762"]
[EventDate "2019.07.04"]

1. c4 Nf6 2. g3 Nc6 3. Bg2 e5 4. Nc3 Bb4 5. e3 O-O 6. Nge2 Re8 7. O-O Bxc3 8.
Nxc3 d6 9. Rb1 Be6 10. Nd5 a5 11. a3 Rb8 12. b4 axb4 13. axb4 Bxd5 14. cxd5 Ne7
15. e4 c6 16. Qb3 cxd5 17. exd5 Qb6 18. b5 Nd7 19. Ba3 Rbc8 20. Rfc1 f5 21. Rc3
Rxc3 22. dxc3 Nc5 23. Qc2 Rf8 24. c4 Ng6 25. Rf1 Rf6 26. Bh3 Ne7 27. Bc1 h6 28.
Be3 g5 29. f4 gxf4 30. gxf4 e4 31. Kh1 Rg6 32. Rg1 Rxg1+ 33. Kxg1 Kf7 34. Bd4
Qd8 35. Bxc5 dxc5 36. Qc3 Qg8+ 37. Kf2 Qg6 38. Qe5 Qf6 39. d6 Ng6 40. Qd5+ Ke8
41. Qxf5 Qd4+ 42. Kg2 Qd2+ 1/2-1/2

[Event "11th Vellmar Open 2019"]
[Site "Vellmar GER"]
[Date "2019.07.07"]
[Round "7.42"]
[White "Ullmann,Ralf"]
[Black "Kroemer,Alexander"]
[Result "0-1"]
[WhiteElo "1830"]
[BlackElo "1641"]
[WhiteFideId "1271401"]
[BlackFideId "12974676"]
[EventDate "2019.07.04"]

1. e4 e5 2. Nf3 Nc6 3. Bc4 Bc5 4. c3 Nf6 5. d4 exd4 6. e5 d5 7. Bb5 Ne4 8. cxd4
Bb4+ 9. Bd2 Nxd2 10. Nbxd2 O-O 11. Bxc6 bxc6 12. O-O Bg4 13. Rc1 Re8 14. a3 Bxd2
15. Qxd2 Bxf3 16. gxf3 Re6 17. f4 Rg6+ 18. Kh1 Qd7 19. Rc3 Qf5 20. Rg3 Rb8 21.
b4 Rb6 22. Qe3 Ra6 23. Rfg1 Kf8 24. Rg5 Rxg5 25. Rxg5 Qe4+ 26. Qxe4 dxe4 27. Rg3
g6 28. Kg1 Ke7 29. Rh3 h5 30. f5 gxf5 31. Rxh5 Ke6 32. Rh6+ Kd5 33. Rf6 Kxd4 34.
Rxf5 Rxa3 35. Kg2 Rf3 36. Rg5 Rb3 37. h4 Rxb4 38. Kg3 a5 39. e6 fxe6 40. Rxa5 c5
41. h5 c4 42. Ra8 c3 43. h6 c2 44. h7 c1=Q 45. h8=Q+ Kc4 46. Qe8 Qg5+ 47. Kh2
Qf4+ 48. Kg2 Qf3+ 0-1

[Event "11th Vellmar Open 2019"]
[Site "Vellmar GER"]
[Date "2019.07.07"]
[Round "7.43"]
[White "Warter,Simon"]
[Black "Blaschke,Henri Johannes"]
[Result "0-1"]
[WhiteElo "1565"]
[BlackElo "1846"]
[WhiteFideId "16223080"]
[BlackFideId "12995320"]
[EventDate "2019.07.04"]

1. e4 e5 2. Nf3 Nc6 3. Bb5 Nf6 4. O-O Nxe4 5. Re1 Nd6 6. Nxe5 Be7 7. Bf1 Nxe5 8.
Rxe5 O-O 9. d4 Bf6 10. Re1 Re8 11. Rxe8+ Nxe8 12. c4 d5 13. Be3 dxc4 14. Bxc4 c5
15. Bf4 Bxd4 16. Qb3 Qf6 0-1

[Event "11th Vellmar Open 2019"]
[Site "Vellmar GER"]
[Date "2019.07.07"]
[Round "7.45"]
[White "Daday,Csaba"]
[Black "Kuschel,Heidi"]
[Result "1-0"]
[WhiteElo "1688"]
[BlackElo "1736"]
[WhiteFideId "1231995"]
[BlackFideId "12974587"]
[EventDate "2019.07.04"]

1. d4 Nf6 2. Nf3 g6 3. g3 Bg7 4. Bg2 O-O 5. O-O d5 6. c4 c6 7. b3 Nbd7 8. Nc3
Re8 9. cxd5 cxd5 10. Bb2 b6 11. Rc1 Ba6 12. Qc2 Rc8 13. Qb1 Nf8 14. Rfe1 e6 15.
Ne5 Re7 16. e3 Rec7 17. Bf1 Bxf1 18. Rxf1 a6 19. Na4 Qd6 20. Rxc7 Rxc7 21. Rc1
N6d7 22. Ba3 Rxc1+ 23. Qxc1 Qb8 24. Nxd7 Nxd7 25. Qc6 Qd8 26. Bd6 b5 27. Nc5
Nxc5 28. dxc5 h5 29. Qxa6 Qd7 30. Qa8+ Kh7 31. Qb8 d4 32. Qc7 Qe8 33. c6 Bf6 34.
exd4 Bxd4 35. Qd7 Qxd7 36. cxd7 Bb6 37. Be7 Kg7 38. d8=Q Bxd8 39. Bxd8 Kf8 40.
Kg2 Ke8 41. Bf6 Kd7 42. Kf3 Kc6 43. Ke3 Kc5 44. Kd3 Kd5 45. a4 bxa4 46. bxa4 Kc5
47. a5 Kb5 48. Bd8 1-0

[Event "11th Vellmar Open 2019"]
[Site "Vellmar GER"]
[Date "2019.07.07"]
[Round "7.46"]
[White "Azizov,Fariz"]
[Black "Ziegenfuss,Larissa"]
[Result "1-0"]
[WhiteElo "1458"]
[BlackElo "1756"]
[WhiteFideId "16218132"]
[BlackFideId "12974722"]
[EventDate "2019.07.04"]

1. d4 Nf6 2. Bf4 e6 3. e3 d5 4. Nf3 c5 5. c3 a6 6. Bd3 Nc6 7. Nbd2 Be7 8. O-O b5
9. dxc5 Nd7 10. Nd4 Bb7 11. N2f3 Bxc5 12. Nxc6 Bxc6 13. Ne5 Nxe5 14. Bxe5 Qg5
15. Bg3 f5 16. Qe2 O-O 17. b3 Qf6 18. c4 bxc4 19. bxc4 d4 20. Rad1 e5 21. h3 e4
22. exd4 exd3 23. Qxd3 Be4 24. Qd2 Bd6 25. Bxd6 Qxd6 26. d5 f4 27. Qd4 Bf5 28.
c5 Qg6 29. Kh2 f3 30. g4 Rae8 31. Rfe1 h5 32. Kg3 Re2 33. d6 Rxe1 34. Rxe1 Bd7
35. Re7 Bc6 36. Rc7 Be8 37. d7 Bxd7 38. Rxd7 h4+ 39. Kxh4 Qh6+ 40. Kg3 g5 41. c6
Qh4+ 42. Kh2 1-0